Focus sur: Frank Bryce - Harry Potter - Statistiques

Statistiques générales
  • Ce quiz a été pris 82 fois
  • Le résultat moyen est 4 sur 5
Statistiques - réponses
Informations recherchées Réponses % Correct
Statut du sang Moldu
100%
Première apparition Harry Potter et la Coupe de Feu
92%
Famille "servie" Jedusor
86%
Profession Jardinier
80%
Acteur l'interprétant dans les films Eric Sykes
24%
Aucun quiz correspondant
Distribution des résultats
% des personnes avec chaque résultat
Percentile par nombre de réponses
Votre historique - résultats
Vous n’avez pas pris ce quiz